| 000 | 01306cam a2200373 4500 | ||
|---|---|---|---|
| 008 | 000000n2002 000 0 eng u | ||
| 020 | _a0632056118 | ||
| 035 | _a(Sirsi) u110620 | ||
| 050 | _a692.8 | ||
| 100 |
_aKelly, J. _xEditor |
||
| 245 | _aBest value in construction | ||
| 260 |
_aOxford _bBlackwells _c2002 |
||
| 300 |
_axiv,306p. _bill. _c30cm. |
||
| 350 | _a29.95 | ||
| 520 | _aA successor to "Quantity surveying techniques: new directions" (ISBN 0632026820) this book by the RICS Foundation looks at providing best value through the use of leading edge techniques and processes. | ||
| 650 | _aBENCHMARKING | ||
| 650 | _aBEST VALUE | ||
| 650 | _aBUILT ENVIRONMENT-BUILDING MAINTENANCE AND REFURBISHMENT | ||
| 650 | _aENVIRONMENTAL MANAGEMENT | ||
| 650 |
_aFACILITIES MANAGEMENT _96240 |
||
| 650 | _aLIFE-CYCLE COSTING | ||
| 650 | _aPROCUREMENT STRATEGIES | ||
| 650 | _aMANAGEMENT-PROJECT MANAGEMENT | ||
| 650 | _aPOST-OCCUPANCY EVALUATION | ||
| 650 | _aRISK MANAGEMENT | ||
| 650 | _aSUPPLY CHAIN MANAGEMENT | ||
| 650 | _aVALUE MANAGEMENT | ||
| 650 | _aWHOLE-LIFE COSTING | ||
| 690 | _aBUILT ENVIRONMENT | ||
| 700 |
_aMorledge, R. _xEditor |
||
| 700 |
_aWilkinson, S. _xEditor |
||
| 710 |
_aRoyal Institution of Chartered Surveyors _bFoundation _94173 |
||
| 942 | _n0 | ||
| 999 |
_c101109 _d101109 |
||